Регионална библиотека "Любен Каравелов" - Русе

Въпрос единствено на време (Запис номер 66153)

MARC детайли
000 -Лидер
Контролно поле с фиксирана дължина 01135nam a2200301 c 4500
003 - Код на организацията, давaща контролен номер
Контролно поле BLK
005 - Дата и час на последна редакция
Контролно поле 20190419113358.0
008 - Елементи от данни с фиксирана дължина
fixed length control field 180408b bul|||||r ||||||| ||bul||
010 ## - Наследен системен номер
LC control number KNG00070441000
040 ## - Източник на каталожния запис
Идентификатор на билиотеката - собственик на записа BLK
041 ## - Код за език
Код за езика на текст/звукозапис или на отделно заглавие Български
Код за езика КДБФ Български
080 ## - УДК
Текстов определител УДК Английска литература
УДК код - определител по УДК 821.111
УДК определител -31
УДК - код + определител 821.111-31
100 1# - Редна дума - Автор
Автор Чейс, Джеймс Хадли
Авторска отговорност първи автор
R(LIN) 369710
139 ## - Редно поле
Редна дума Чейс, Джеймс Хадли
Авторски знак Че - Ч 49
245 10 - Сведения за заглавието
Заглавие Въпрос единствено на време
Подзаглавни данни Роман
Редно поле (дума) Джеймс Хадли Чейс; прев. от англ. Юлия Вучкова.
257 ## - Страна на издаване
Страна на създаване/издаване Великобритания
260 ## - Област на издателските данни
-- София
Име на издателя, разпространителя и проч. Клуб'90
Година на издаване 1991
Печатница София : Балкан прес
300 ## - Физическа характеристика
Страници 160 с.
Размери/Мащаб 20 см
380 ## - Жанр
Жанр Худож. лит.
490 1# - СЕРИИ (Колекции)
Име на серия Библиотека Безсъние
№: серия 3
500 ## - Общи забележки
Забележка Без сведение за ориг. загл.
700 1# - Други автори (авторска отговорност)
Лично име Вучкова, Юлия
Автороска отговорност (Описва отношението между автора и произведението) прев. от англ.
9 (RLIN) 292810
852 ## - Местоположение
Форматна сигнатура Цб 165508
856 4# - Електронен адрес и достъп
Електронен формат pdf - файл
Път до файла /url/
856 4# - Електронен адрес и достъп
Електронен формат pdf - файл
Път до файла /url/
942 ## - АРТИКУЛИ
Вид на библиотечния материал Книги
Скрит в OPAC Не
Koha issues (borrowed), all copies 2
944 ## - СЪЗДАВАНЕ И РЕДАКЦИЯ на ЗАПИСА
Създаване/Редакция Създаване
Дата на регистрацията/редакция 10.01.2007
Служител, извършил регистрацията/редакцията Цветанка_Енчева
944 ## - СЪЗДАВАНЕ И РЕДАКЦИЯ на ЗАПИСА
Създаване/Редакция Редакция
Дата на регистрацията/редакция 21.09.2017
Служител, извършил регистрацията/редакцията Кети_Илиева
999 ## - СИСТЕМНИ КОНТРОЛНИ НОМЕРА
Koha biblionumber 66153
Koha biblioitemnumber 66153
Наличности
Код за отписване Код за изгубен артикул Източник на класификационната схема Код за повреда Коз за рестрикции Код за отдаване Артикулен № Име на библиотеката - собственик Име на библиотеката, в която се намира в момента Статус (Текущо местоположение) Дата на вписване в системата Местоположение - отдел Цена в лева Инвентарен номер Систематично азбучна сигнатура Баркод Номер на екземпляра Цена в евро Служебна бележка Служебен тип на артикула Бележка за публиката
Изтеглен Не е изгубен Universal Decimal Classification Не е повреден без рестрикции заемане за дома 109487 Регионална библиотека "Любен Каравелов" Русе Регионална библиотека "Любен Каравелов" Русе Заемна - подръчен фонд 2007-01-10 Заемна - подръчен фонд 0.56 120000708421 П 820-31/Ч 49 120000708421 1 0.29 Дост: DA Вид: А N: 1 Дата: 05.01.2007 Дата инв: 14.02.2018 Бележки инв: П2018 Книги  
  Не е изгубен Universal Decimal Classification Не е повреден без рестрикции ползва се в читалня 109488 Регионална библиотека "Любен Каравелов" Русе Регионална библиотека "Любен Каравелов" Русе Хранилище 2001-01-01 Хранилище 8.00 547993 Цб 165508 120000547993 2 4.09 Дост: Dp Вид: Д N: стар фонд Дата: 01.01.2001 Книги  
Изтеглен Не е изгубен Universal Decimal Classification Не е повреден без рестрикции заемане за дома 109489 Регионална библиотека "Любен Каравелов" Русе Регионална библиотека "Любен Каравелов" Русе Заемна - подръчен фонд 2001-01-01 Заемна - подръчен фонд 8.00 547305 П 820-31/Ч 49 547305 3 4.09 Дост: Pk Вид: Ф N: стар фонд Дата: 01.01.2001 Книги  
Изтеглен Не е изгубен Universal Decimal Classification Не е повреден без рестрикции заемане за дома 109490 Регионална библиотека "Любен Каравелов" Русе Регионална библиотека "Любен Каравелов" Русе Заемна - подръчен фонд 2001-01-01 Заемна - подръчен фонд 0.56 547307 П 820-31/Ч 49 547307 4 0.29 Дост: Pk Вид: Ф N: стар фонд Дата: 01.01.2001 Дата инв: 20.02.2018 Бележки инв: П2018 Книги  
Изтеглен Не е изгубен Universal Decimal Classification Не е повреден без рестрикции заемане за дома 109491 Регионална библиотека "Любен Каравелов" Русе Регионална библиотека "Любен Каравелов" Русе Заемна - подръчен фонд 2001-01-01 Заемна - подръчен фонд 8.00 547309 П 820-31/Ч 49 547309 5 4.09 Дост: Pk Вид: Ф N: стар фонд Дата: 01.01.2001 Книги  
Изтеглен Не е изгубен Universal Decimal Classification Не е повреден без рестрикции заемане за дома 109492 Регионална библиотека "Любен Каравелов" Русе Регионална библиотека "Любен Каравелов" Русе Заемна - подръчен фонд 2001-01-01 Заемна - подръчен фонд 8.00 547310 П 820-31/Ч 49 547310 6 4.09 Дост: Pk Вид: Ф N: стар фонд Дата: 01.01.2001 Книги  
Изтеглен Не е изгубен   Не е повреден без рестрикции заемане за дома 109493 Регионална библиотека "Любен Каравелов" Русе Регионална библиотека "Любен Каравелов" Русе   2001-01-01 Детски отдел 0.56 547313 П 820-31/Ч 49 547313 7 0.29 Дост: Pk Вид: Ф N: стар фонд Дата: 01.01.2001 Дата инв: 07.10.2015 Бележки инв: Д2015 Книги Отч.N: 47/2017 , Дата: 05.10.2017
Изтеглен Не е изгубен   Не е повреден без рестрикции заемане за дома 109494 Регионална библиотека "Любен Каравелов" Русе Регионална библиотека "Любен Каравелов" Русе   2001-01-01 Детски отдел 0.56 547316 П 820-31/Ч 49 547316 8 0.29 Дост: Pk Вид: Ф N: стар фонд Дата: 01.01.2001 Дата инв: 07.10.2015 Бележки инв: Д2015 Книги Отч.N: 35/2017 , Дата: 05.09.2017
Vip Innovations Ltd, Rousse, Bulgaria 2025